NFL Draft 2026 - Statistics

General Stats
  • This quiz has been taken 31 times
  • The average score is 25 of 32
Answer Stats
Hint Answer % Correct
1.Raiders Fernando Mendoza
100%
3.Cardinals Jeremiyah Love
100%
2.Jets David Baily
96%
5.Giants Arvell Reese
93%
4.Titans Carnell Tate
93%
8.Saints Jordyn Tyson
93%
20.Eagles Makai Lemon
93%
6.Chiefs Mansoor Delane
93%
7.Commanders Sonny Styles
93%
13.Rams Ty Simpson
93%
11.Cowboys Caleb Downs
89%
9.Browns Spencer Fano
85%
32.Seahawks Jadarian Price
81%
12.Dolphins Kadyn Proctor
81%
24.Browns KC Concepcion
81%
16.Jets Kenyon Sadiq
81%
15.Buccaneers Rueben Bain Jr
81%
10.Giants Francis Mauigoa
78%
14.Ravens Olaivavega Ioane
78%
30.Jets Omar Cooper Jr
74%
18.Vikings Caleb Banks
70%
27.Dolphins Chris Johnson
70%
29.Chiefs Peter Woods
70%
22.Chargers Akheem Mesidor
67%
28.Patriots Caleb Lomu
67%
31.Titans Keldric Faulk
67%
19.Panthers Monroe Freeling
67%
17.Lions Blake Miller
63%
25.Bears Dillon Thieneman
63%
23.Cowboys Malachi Lawrence
63%
26.Texans Keylan Rutledge
56%
21.Steelers Max Iheanachor
56%
No matching quizzes found
Score Distribution
Percent of People with Each Score
Percentile by Number Answered
Your Score History
You have not taken this quiz